000
00277 a2200145 4500
001
174688
020
_a
040
_c
Magnum
100
_a
Sanson, Berenice Ribeiro
240
1
0
_a
O heroi
_l
por
245
1
0
_a
O heroi
362
0
_a
1899
697
_a
I/ANIMAIS
942
_c
BK
999
_c
174688
_d
174688